|
|
|
|
| LEADER |
00000caa a22000002c 4500 |
| 001 |
1912608243 |
| 003 |
DE-627 |
| 005 |
20250113055003.0 |
| 007 |
cr uuu---uuuuu |
| 008 |
241217s2019 xx |||||o 00| ||eng c |
| 024 |
7 |
|
|a 10.1177/0022427818793934
|2 doi
|
| 035 |
|
|
|a (DE-627)1912608243
|
| 035 |
|
|
|a (DE-599)KXP1912608243
|
| 040 |
|
|
|a DE-627
|b ger
|c DE-627
|e rda
|
| 041 |
|
|
|a eng
|
| 084 |
|
|
|a 2,1
|2 ssgn
|
| 100 |
1 |
|
|a McLean, Kyle
|e VerfasserIn
|4 aut
|
| 109 |
|
|
|a McLean, Kyle
|
| 245 |
1 |
0 |
|a Legitimacy and the life course: An age-graded examination of changes in legitimacy attitudes over time
|
| 264 |
|
1 |
|c 2019
|
| 336 |
|
|
|a Text
|b txt
|2 rdacontent
|
| 337 |
|
|
|a Computermedien
|b c
|2 rdamedia
|
| 338 |
|
|
|a Online-Ressource
|b cr
|2 rdacarrier
|
| 700 |
1 |
|
|a Pratt, Travis C.
|e VerfasserIn
|0 (DE-588)137111061
|0 (DE-627)58993449X
|0 (DE-576)184978777
|4 aut
|
| 700 |
1 |
|
|a Wolfe, Scott E.
|e VerfasserIn
|0 (DE-588)1210456826
|0 (DE-627)1698500912
|0 (DE-576)462633179
|4 aut
|
| 773 |
0 |
8 |
|i Enthalten in
|t Journal of research in crime and delinquency
|d Thousand Oaks, Calif. [u.a.] : Sage, 1964
|g 56(2019), 1, Seite 42-83
|h Online-Ressource
|w (DE-627)320495299
|w (DE-600)2011523-4
|w (DE-576)095660208
|x 1552-731X
|7 nnas
|
| 773 |
1 |
8 |
|g volume:56
|g year:2019
|g number:1
|g pages:42-83
|
| 856 |
|
|
|u https://journals.sagepub.com/doi/pdf/10.1177/0022427818793934
|x unpaywall
|z Vermutlich kostenfreier Zugang
|h publisher [deprecated]
|
| 856 |
4 |
0 |
|u https://doi.org/10.1177/0022427818793934
|x Resolving-System
|z kostenfrei
|3 Volltext
|7 0
|
| 935 |
|
|
|a mkri
|
| 951 |
|
|
|a AR
|
| ELC |
|
|
|a 1
|
| LOK |
|
|
|0 000 xxxxxcx a22 zn 4500
|
| LOK |
|
|
|0 001 4637573769
|
| LOK |
|
|
|0 003 DE-627
|
| LOK |
|
|
|0 004 1912608243
|
| LOK |
|
|
|0 005 20241217044644
|
| LOK |
|
|
|0 008 241217||||||||||||||||ger|||||||
|
| LOK |
|
|
|0 035
|a (DE-2619)ICPSR141706
|
| LOK |
|
|
|0 040
|a DE-2619
|c DE-627
|d DE-2619
|
| LOK |
|
|
|0 092
|o n
|
| LOK |
|
|
|0 852
|a DE-2619
|
| LOK |
|
|
|0 852 1
|9 00
|
| LOK |
|
|
|0 935
|a nacp
|
| LOK |
|
|
|0 939
|a 17-12-24
|b l01
|
| OAS |
|
|
|a 1
|
| ORI |
|
|
|a SA-MARC-krimdoka001.raw
|